Naturaleza, diagnóstico y tratamiento conductual del mutismo electivo : una revisión (Record no. 73207)

MARC details
000 -CABECERA
campo de control de longitud fija 00818nam a2200277 a 4500
005 - FECHA Y HORA DE LA ÚLTIMA TRANSACCIÓN
campo de control 20210223123953.0
008 - ELEMENTOS DE LONGITUD FIJA--INFORMACIÓN GENERAL
campo de control de longitud fija 991125n 000 0 spa u
035 ## - NÚMERO DE CONTROL DEL SISTEMA
Número de control de sistema UPN01000088813
100 1# - ASIENTO PRINCIPAL--NOMBRE PERSONAL
Nombre de persona Olivares Rodríguez, José
9 (RLIN) 29775
222 #0 - TÍTULO CLAVE
Título clave ANALISIS Y MODIFICACION DE CONDUCTA
245 00 - MENCIÓN DE TÍTULO
Título Naturaleza, diagnóstico y tratamiento conductual del mutismo electivo : una revisión
260 ## - PUBLICACIÓN, DISTRIBUCIÓN, ETC.
Lugar de publicación, distribución, etc. España
300 ## - DESCRIPCIÓN FÍSICA
Extensión 771-791
362 0# - FECHAS DE PUBLICACIÓN Y/O DESIGNACIÓN SECUENCIAL
Fecha de publicación y/o designación secuencial 1993 Vol. 19, no. 68
653 0# - TERMINO DE INDIZACION - NO CONTROLADO
Término no controlado EDUCACION PREESCOLAR
653 0# - TERMINO DE INDIZACION - NO CONTROLADO
Término no controlado MUTISMO SELECTIVO
653 0# - TERMINO DE INDIZACION - NO CONTROLADO
Término no controlado PROBLEMAS DE CONDUCTA
653 0# - TERMINO DE INDIZACION - NO CONTROLADO
Término no controlado TERAPIA CONDUCTUAL
700 1# - ASIENTO SECUNDARIO--NOMBRE DE PERSONAL
Nombre de persona Maciá Antón, Diego,
700 1# - ASIENTO SECUNDARIO--NOMBRE DE PERSONAL
Fechas asociadas al nombre 1954-
700 1# - ASIENTO SECUNDARIO--NOMBRE DE PERSONAL
Término indicativo de función/relación coaut.
700 1# - ASIENTO SECUNDARIO--NOMBRE DE PERSONAL
Nombre de persona Méndez Carrillo, Francisco Xavier
9 (RLIN) 29290
700 1# - ASIENTO SECUNDARIO--NOMBRE DE PERSONAL
Término indicativo de función/relación coaut.
904 ## - ELEMENTOS DE DATOS D LOCAL, LDD (RLIN)
a AC
b 026624
905 ## - TIPO DE MATERIAL
Tipo de material Articulo

No items available.